| 000 | 01227cam a22001934a 4500 | ||
|---|---|---|---|
| 005 | 20250605163938.0 | ||
| 008 | 250528s ||||||||||||||||||||||||d | ||
| 035 | _a14931 | ||
| 020 | _a77078330 | ||
| 040 |
_aGR-AtMCL _bgre _dGR-AtMCL _eAACR2 |
||
| 245 | 1 | _aMastering Finance and Accounting | |
| 260 |
_bMcgraw Hill Book Company, _c1994 |
||
| 300 | _a388 | ||
| 520 | _aA unique, comprehensive text that covers the elements of accounting, cost and management accountancy and business financing. Preface, Accounting, The Fundamentals, Writing the Book, Reading the Book, Developing the Story, Accountancy - A Creative Exercise, Presenting Accounts, Interpreting Accounts and Judging Performance, Accounting for Cash, Keeping Your Eyes on the Bank, Sharing the Workload, Miscellaneous Matters, Manufacturing Accounts, Consolidation, Financing, Financing a Business, Financing Proposals, Costs and Budgets, Costs are Critical, Direct Costs, Overheads, Cost as an Aid to Decision Making, Accounting, Limited Companies, Cash Flow Statements, Interpretation of Company Accounts by Ratio Analysis, Clubs, Partnerships, Incomplete Records, Index. | ||
| 700 | 1 |
_aFarrow David _9741 |
|
| 942 | _cBK | ||
| 999 |
_c541 _d541 |
||